Numerical analysis and prediction of cloud and precipitation patterns /

Wedi'i Gadw mewn:
Manylion Llyfryddiaeth
Prif Awdur: Geraldson, E. Lee
Awdur Corfforaethol: Naval Postgraduate School (United States)
Awduron Eraill: Clower, C. D.
Fformat: Llyfr
Iaith:English
Cyhoeddwyd: Monterey, Calif. : Naval Postgraduate School, 1964.
Pynciau:
LEADER 01265nam a2200289 a 4500
001 c000179515
003 CARM
005 19910224000000.0
008 910224s1964 us 000 0 eng d
019 1 |a 7964973  |5 LACONCORD2021 
035 |a (OCoLC)44886133  |5 LACONCORD2021 
040 |a VCMB  |b eng  |c VCMB 
100 1 |a Geraldson, E. Lee. 
245 1 0 |a Numerical analysis and prediction of cloud and precipitation patterns /  |c by E. Lee Geraldson and C.D. Clower. 
260 |a Monterey, Calif. :  |b Naval Postgraduate School,  |c 1964. 
300 |a v, 23 leaves :  |b charts ;  |c 28 cm. 
500 |a Thesis submitted in partial fulfillment of the requirements for the degree of Master of Science in Meteorology from the Naval Postgraduate School, 1964. 
500 |a Includes abstract. 
504 |a Bibliography on leaf no. 23. 
650 0 |a Numerical weather forecasting. 
650 0 |a Cloud forecasting. 
650 0 |a Precipitation forecasting. 
700 1 |a Clower, C. D. 
710 2 |a Naval Postgraduate School (United States) 
852 8 |b CARM  |h A3:AD23E0  |i D06772  |p 0237721  |f BK 
999 f f |i d96b05c5-8868-5bb8-8893-a27a68dca5b5  |s e3510e5c-21b3-51a3-a037-e9cb20546944 
952 f f |p Can circulate  |a CAVAL  |b CAVAL  |c CAVAL  |d CARM 1 Store  |e D06772  |f A3:AD23E0  |h Other scheme  |i book  |m 0237721